[Event "LTU-ch sf"]
[Site "Kaunas"]
[Date "2024.03.07"]
[Round "3"]
[White "Simkunaite, Gabija"]
[Black "Mikulinaite, Meta"]
[Result "0-1"]
[WhiteElo "2002"]
[BlackElo "1638"]
[PlyCount "54"]
[EventDate "2024.03.06"]
[EventType "swiss"]
[EventRounds "8"]
[EventCountry "LTU"]
[SourceTitle "CB11_2024"]
[SourceDate "2024.03.13"]
[SourceVersion "1"]
[SourceVersionDate "2024.03.13"]
[SourceQuality "1"]

1. e4 e6 2. d4 d5 3. exd5 exd5 4. Nf3 Nf6 5. Bg5 Be6 6. Bd3 c5 7. dxc5 Bxc5 8. 0-0 0-0 9. Bh4 h6 10. Nbd2 Nc6 11. c3 Rc8 12. Bb1 Be7 13. Re1 d4 14. c4 d3 15. a3 Qd7 16. h3 Rfd8 17. Re3 Bf5 18. Nb3 g5 19. Bg3 Bd6 20. Bxd6 Qxd6 21. Nc1 Na5 22. b3 b5 23. Re5 d2 24. Rxf5 dxc1Q 25. Qxc1 Nxb3 26. Qc3 Rxc4 27. Qxb3 Rc1+ 0-1

[Event "Taujenai-ch rapid"]
[Site "Taujenai"]
[Date "2023.10.29"]
[Round "8"]
[White "Simkunaite, Gabija"]
[Black "Andrijauskas, Domas"]
[Result "1/2-1/2"]
[WhiteElo "1987"]
[BlackElo "1573"]
[PlyCount "84"]
[EventDate "2023.10.28"]
[EventType "swiss (rapid)"]
[EventRounds "10"]
[EventCountry "LTU"]
[SourceTitle "Mega2024 Update 01"]
[Source "Chessbase"]
[SourceDate "2023.11.12"]
[SourceVersion "1"]
[SourceVersionDate "2023.11.12"]
[SourceQuality "1"]

1. e4 c5 2. Nf3 e6 3. g3 Nc6 4. Bg2 g6 5. 0-0 Bg7 6. c3 d5 7. exd5 exd5 8. d4 cxd4 9. Nxd4 Nxd4 10. cxd4 Ne7 11. Re1 0-0 12. Bg5 Be6 13. Nc3 Re8 14. Rc1 Qd7 15. Bxe7 Rxe7 16. Bxd5 Rd8 17. Bxe6 fxe6 18. Ne4 Qxd4 19. Qxd4 Bxd4 20. b3 h6 21. Kg2 Kf7 22. Rc4 Red7 23. Rec1 Bb6 24. R1c2 Rd4 25. h4 Rxc4 26. Rxc4 Ke7 27. Kf3 e5 28. Ke2 Rd4 29. Rxd4 Bxd4 30. Kd3 Ke6 31. g4 Bb6 32. a4 h5 33. f3 Bd8 34. gxh5 gxh5 35. Ke3 Bxh4 36. Nc5+ Kd5 37. Nxb7 Be7 38. Kf2 Kd4 39. Na5 Kc3 40. Nc6 Bc5+ 41. Kg3 Kxb3 42. Nxe5 Kxa4 1/2-1/2

[Event "Taujenai-ch rapid"]
[Site "Taujenai"]
[Date "2023.10.29"]
[Round "10"]
[White "Simkunaite, Gabija"]
[Black "Jasiukaitis, Domantas"]
[Result "1-0"]
[WhiteElo "1987"]
[BlackElo "1725"]
[PlyCount "71"]
[EventDate "2023.10.28"]
[EventType "swiss (rapid)"]
[EventRounds "10"]
[EventCountry "LTU"]
[SourceTitle "Mega2024 Update 01"]
[Source "Chessbase"]
[SourceDate "2023.11.12"]
[SourceVersion "1"]
[SourceVersionDate "2023.11.12"]
[SourceQuality "1"]

1. e4 c5 2. Nf3 d6 3. Bb5+ Nd7 4. 0-0 a6 5. Bxd7+ Bxd7 6. Re1 Nf6 7. e5 dxe5 8. Nxe5 e6 9. d4 cxd4 10. Qxd4 Bb5 11. Qf4 Bd6 12. Nc3 Bc6 13. Qg3 Bxe5 14. Rxe5 Qe7 15. Bf4 0-0-0 16. h3 h6 17. Qe3 b5 18. Rc5 Kb7 19. b4 Nd5 20. Nxd5 Rxd5 21. Rxd5 Bxd5 22. a4 Bc4 23. Qe4+ Bd5 24. Qd4 Qf6 25. Be5 Qg5 26. g3 bxa4 27. c4 Bc6 28. b5 axb5 29. cxb5 Bd5 30. h4 Qf5 31. Qxa4 Qxe5 32. Qa6+ Kb8 33. Qa7+ Kc8 34. Rc1+ Kd8 35. b6 Qe4 36. Rc8+ 1-0

[Event "Taujenai-ch rapid"]
[Site "Taujenai"]
[Date "2023.10.28"]
[Round "4"]
[White "Simkunaite, Gabija"]
[Black "Jacunskas, Marius"]
[Result "0-1"]
[WhiteElo "1987"]
[BlackElo "1609"]
[PlyCount "122"]
[EventDate "2023.10.28"]
[EventType "swiss (rapid)"]
[EventRounds "10"]
[EventCountry "LTU"]
[SourceTitle "Mega2024 Update 01"]
[Source "Chessbase"]
[SourceDate "2023.11.12"]
[SourceVersion "1"]
[SourceVersionDate "2023.11.12"]
[SourceQuality "1"]

1. e4 c5 2. Nf3 d6 3. Bb5+ Nd7 4. 0-0 Ngf6 5. Re1 g6 6. c3 Bg7 7. d4 cxd4 8. cxd4 0-0 9. Nc3 a6 10. Bf1 b5 11. e5 dxe5 12. dxe5 Ne8 13. Qd5 Nc7 14. Qc6 Rb8 15. Rd1 Bxe5 16. Nxe5 Nxe5 17. Qe4 Nd7 18. Bh6 Re8 19. Qd3 Rb6 20. Ne4 Ne6 21. Rac1 Bb7 22. Be3 Rc6 23. Rxc6 Bxc6 24. Ng5 Nxg5 25. Bxg5 Qc7 26. Qc3 f6 27. Bh6 Ne5 28. h3 Nf7 29. Be3 Qb7 30. b3 Rc8 31. Qb4 Re8 32. Qf4 Nd6 33. Bc5 Nf5 34. Bd3 Bxg2 35. Bxf5 gxf5 36. Kh2 Qf3 37. Qg3+ Qxg3+ 38. Kxg3 Bc6 39. Kf4 Kf7 40. Kxf5 Rg8 41. Kf4 Rg5 42. b4 e5+ 43. Ke3 Rh5 44. Rd6 Rxh3+ 45. Kd2 Be4 46. Rxa6 h5 47. Bb6 Rd3+ 48. Ke2 h4 49. Ra7+ Kg6 50. Be3 Rxe3+ 51. Kxe3 h3 52. Kxe4 h2 53. Kd5 h1Q+ 54. Kc5 Qf3 55. Kxb5 Qxf2 56. Ra6 Qe2+ 57. Ka5 Qxa2+ 58. Kb6 Qc4 59. b5 e4 60. Ka5 e3 61. b6 e2 0-1

[Event "Plateliai Plunge op-A 42nd"]
[Site "Plateliai"]
[Date "2023.07.22"]
[Round "8"]
[White "Kalvaitis, Sigitas"]
[Black "Simkunaite, Gabija"]
[Result "1-0"]
[WhiteElo "2161"]
[BlackElo "1960"]
[PlyCount "95"]
[EventDate "2023.07.17"]
[EventType "swiss"]
[EventRounds "9"]
[EventCountry "LTU"]
[SourceTitle "CBM 215 Extra"]
[Source "ChessBase"]
[SourceDate "2023.09.30"]
[SourceVersion "1"]
[SourceVersionDate "2023.09.30"]
[SourceQuality "1"]

1. e4 c6 2. d4 d5 3. e5 c5 4. dxc5 Nc6 5. Bf4 e6 6. c3 Bxc5 7. Bd3 Nge7 8. Nf3 Ng6 9. Bg3 Bd7 10. 0-0 0-0 11. Nbd2 f5 12. exf6 gxf6 13. c4 Nce7 14. cxd5 Nxd5 15. Bxg6 hxg6 16. Qc2 Qe7 17. Qxg6+ Qg7 18. Qxg7+ Kxg7 19. Ne4 Be7 20. Rac1 Rac8 21. Bd6 Kf7 22. Rfd1 Rc6 23. Bxe7 Kxe7 24. Rxc6 Bxc6 25. Nd4 e5 26. Nxc6+ bxc6 27. g3 Rb8 28. Rd2 f5 29. Ng5 e4 30. h4 Kf6 31. a3 Ke5 32. Rc2 Rb6 33. b4 Ra6 34. h5 Kf6 35. h6 Ne7 36. h7 Ng6 37. f4 exf3 38. Nxf3 Kg7 39. Rc3 Kxh7 40. Nd4 Ne7 41. Re3 Nd5 42. Rf3 Kg6 43. Nxf5 Rb6 44. Nd4 Kg5 45. Kg2 Kg4 46. Rf7 Ra6 47. Rg7+ Kh5 48. g4+ 1-0

[Event "Plateliai Plunge op-A 42nd"]
[Site "Plateliai"]
[Date "2023.07.19"]
[Round "4"]
[White "Simkunaite, Gabija"]
[Black "Bagdanskis, Dangis"]
[Result "1/2-1/2"]
[WhiteElo "1960"]
[BlackElo "2037"]
[PlyCount "29"]
[EventDate "2023.07.17"]
[EventType "swiss"]
[EventRounds "9"]
[EventCountry "LTU"]
[SourceTitle "CBM 215 Extra"]
[Source "ChessBase"]
[SourceDate "2023.09.30"]
[SourceVersion "1"]
[SourceVersionDate "2023.09.30"]
[SourceQuality "1"]

1. e4 e5 2. Nf3 Nf6 3. Nc3 Nc6 4. d4 exd4 5. Nxd4 Bb4 6. Nxc6 bxc6 7. Bd3 d5 8. exd5 0-0 9. 0-0 cxd5 10. h3 Be6 11. Bg5 c6 12. Qf3 Rb8 13. Bxf6 Qxf6 14. Qxf6 gxf6 15. Ne2 1/2-1/2

[Event "LTU-ch sf"]
[Site "Vilnius"]
[Date "2023.04.14"]
[Round "7"]
[White "Simkunaite, Gabija"]
[Black "Posaskov, Nikita"]
[Result "0-1"]
[WhiteElo "1948"]
[BlackElo "2185"]
[PlyCount "62"]
[EventDate "2023.04.11"]
[EventType "swiss"]
[EventRounds "9"]
[EventCountry "LTU"]
[SourceTitle "CBM 213 Extra"]
[Source "ChessBase"]
[SourceDate "2023.05.31"]
[SourceVersion "1"]
[SourceVersionDate "2023.05.31"]
[SourceQuality "1"]

1. e4 c5 2. Nf3 Nc6 3. Bb5 e6 4. 0-0 Nge7 5. Re1 d5 6. exd5 Nxd5 7. Nc3 Nxc3 8. dxc3 Qxd1 9. Rxd1 Bd7 10. Bf4 f6 11. Bd6 Bxd6 12. Rxd6 Ke7 13. Rad1 Rhd8 14. Bxc6 Bxc6 15. Rxd8 Rxd8 16. Rxd8 Kxd8 17. Nd2 Ke7 18. f3 b6 19. Kf2 g5 20. c4 h5 21. c3 Kd6 22. Ke3 Ke5 23. Ne4 Bxe4 24. fxe4 f5 25. exf5 exf5 26. h3 f4+ 27. Kd3 g4 28. hxg4 hxg4 29. a3 Kf5 30. a4 a5 31. b4 Ke5 0-1

[Event "LTU-ch sf"]
[Site "Vilnius"]
[Date "2023.04.12"]
[Round "3"]
[White "Simkunaite, Gabija"]
[Black "Janulynas, Jonas"]
[Result "1-0"]
[WhiteElo "1948"]
[BlackElo "1710"]
[PlyCount "71"]
[EventDate "2023.04.11"]
[EventType "swiss"]
[EventRounds "9"]
[EventCountry "LTU"]
[SourceTitle "CBM 213 Extra"]
[Source "ChessBase"]
[SourceDate "2023.05.31"]
[SourceVersion "1"]
[SourceVersionDate "2023.05.31"]
[SourceQuality "1"]

1. e4 e5 2. Bc4 Nf6 3. d4 exd4 4. Nf3 Nxe4 5. Qxd4 Nf6 6. 0-0 Nc6 7. Qh4 Be7 8. Nc3 0-0 9. Bd3 d6 10. Nd5 h6 11. Nxf6+ Bxf6 12. Qe4 g6 13. Bxh6 Bf5 14. Qf4 Bxd3 15. cxd3 Bg7 16. Rae1 Bxh6 17. Qxh6 Qf6 18. Re4 Qg7 19. Qg5 Rae8 20. Rxe8 Rxe8 21. Qb5 Rb8 22. Rc1 a6 23. Qb3 Ne5 24. Rxc7 Nxf3+ 25. gxf3 Qf6 26. Qd5 Re8 27. d4 Re7 28. Rxe7 Qxe7 29. Kg2 Kg7 30. a4 Qd7 31. b4 Qc6 32. Qxc6 bxc6 33. d5 c5 34. b5 axb5 35. axb5 c4 36. Kf1 1-0

[Event "Wch U20 Girls 38th"]
[Site "Cala Gonone"]
[Date "2022.10.21"]
[Round "10"]
[White "Simkunaite, Gabija"]
[Black "Grozdanovic, Anastasia"]
[Result "1-0"]
[WhiteElo "2014"]
[BlackElo "1824"]
[PlyCount "83"]
[EventDate "2022.10.12"]
[EventType "swiss"]
[EventRounds "11"]
[EventCountry "ITA"]
[SourceTitle "CBM 210 Extra"]
[Source "ChessBase"]
[SourceDate "2022.11.30"]
[SourceVersion "1"]
[SourceVersionDate "2022.11.30"]
[SourceQuality "1"]

1. e4 c6 2. d4 d5 3. exd5 cxd5 4. Bd3 Nc6 5. c3 Qc7 6. Ne2 Bg4 7. h3 Bh5 8. Qb3 Bxe2 9. Bxe2 Nxd4 10. cxd4 Qxc1+ 11. Bd1 Qc6 12. Nc3 e6 13. Be2 a6 14. 0-0 Bd6 15. Rac1 Rb8 16. Na4 Qd7 17. Nb6 Qd8 18. Qa4+ Ke7 19. Qb3 Nf6 20. Rc2 Re8 21. Rfc1 Kf8 22. Rc8 Qe7 23. Rxe8+ Qxe8 24. Bd3 Qd8 25. g3 g5 26. Na4 h5 27. Nc3 h4 28. Ne2 Nh5 29. Kg2 Bc7 30. Bb1 Qd6 31. Qf3 Ng7 32. Qf6 Qd8 33. Qh6 Kg8 34. Qh7+ Kf8 35. Qh8+ Ke7 36. Qxg7 e5 37. dxe5 Ke6 38. Nd4+ Ke7 39. Qxg5+ Kd7 40. Bf5+ Ke8 41. Qxd8+ Bxd8 42. Rc8 1-0

[Event "Wch U20 Girls 38th"]
[Site "Cala Gonone"]
[Date "2022.10.15"]
[Round "5"]
[White "Sebastian, Mhage Gerriahlou"]
[Black "Simkunaite, Gabija"]
[Result "1-0"]
[WhiteElo "1865"]
[BlackElo "2014"]
[PlyCount "67"]
[EventDate "2022.10.12"]
[EventType "swiss"]
[EventRounds "11"]
[EventCountry "ITA"]
[SourceTitle "CBM 210 Extra"]
[Source "ChessBase"]
[SourceDate "2022.11.30"]
[SourceVersion "1"]
[SourceVersionDate "2022.11.30"]
[SourceQuality "1"]

1. e4 c5 2. Nf3 Nc6 3. Bb5 e5 4. 0-0 Bd6 5. c3 a6 6. Bxc6 dxc6 7. d4 cxd4 8. cxd4 Qc7 9. h3 Ne7 10. Nc3 0-0 11. dxe5 Bxe5 12. Nxe5 Qxe5 13. Qf3 Ng6 14. Be3 Be6 15. Rad1 Qc7 16. Bc5 Rfe8 17. Qe3 f5 18. Bd6 Qf7 19. exf5 Bxf5 20. Qb6 h6 21. f4 Rad8 22. Qf2 Qf6 23. Bc7 Rc8 24. Bb6 Ne7 25. g4 Bg6 26. Bd4 Qf7 27. f5 Bh7 28. Na4 Nd5 29. Nc5 b6 30. Ne6 g6 31. Qg3 c5 32. Be5 Nb4 33. Rd6 Rc6 34. Nd8 1-0

[Event "Olympiad Women-44"]
[Site "Chennai"]
[Date "2022.08.05"]
[Round "7.4"]
[White "Simkunaite, Gabija"]
[Black "Terbe, Julianna"]
[Result "1/2-1/2"]
[WhiteElo "2010"]
[BlackElo "2291"]
[PlyCount "78"]
[EventDate "2022.07.29"]
[EventType "team-swiss"]
[EventRounds "11"]
[EventCountry "IND"]
[SourceTitle "CBM 210"]
[Source "ChessBase"]
[SourceDate "2022.10.31"]
[SourceVersion "1"]
[SourceVersionDate "2022.10.31"]
[SourceQuality "1"]
[WhiteTeam "Lithuania (W)"]
[BlackTeam "Hungary (W)"]
[WhiteTeamCountry "LTU"]
[BlackTeamCountry "HUN"]

1. e4 c5 2. Nf3 Nc6 3. Bb5 g6 4. 0-0 Bg7 5. Bxc6 dxc6 6. Re1 Nf6 7. e5 Nd5 8. d3 0-0 9. Nbd2 b6 10. Ne4 Bg4 11. Ng3 Qb8 12. c4 Nc7 13. Bd2 Ne6 14. Bc3 Ng5 15. h4 Bxf3 16. Qd2 Ne6 17. gxf3 Rd8 18. Re4 Rd7 19. Rd1 Qf8 20. Qe3 Rad8 21. Ne2 Bh6 22. f4 Ng7 23. Qh3 f5 24. Re3 e6 25. b3 Nh5 26. Rf3 Qe7 27. Bb2 b5 28. Ba3 a5 29. Bc1 a4 30. cxb5 cxb5 31. bxa4 b4 32. a3 Ra7 33. axb4 cxb4 34. d4 Rxa4 35. Ng3 Ra1 36. Nxh5 gxh5 37. Rfd3 Kh8 38. d5 Rg8+ 39. Kf1 Qc5 1/2-1/2

[Event "Olympiad Women-44"]
[Site "Chennai"]
[Date "2022.07.29"]
[Round "1.4"]
[White "Tsuses, Patience"]
[Black "Simkunaite, Gabija"]
[Result "0-1"]
[WhiteElo "1075"]
[BlackElo "2010"]
[PlyCount "92"]
[EventDate "2022.07.29"]
[EventType "team-swiss"]
[EventRounds "11"]
[EventCountry "IND"]
[SourceTitle "CBM 210"]
[Source "ChessBase"]
[SourceDate "2022.10.31"]
[SourceVersion "1"]
[SourceVersionDate "2022.10.31"]
[SourceQuality "1"]
[WhiteTeam "Namibia (W)"]
[BlackTeam "Lithuania (W)"]
[WhiteTeamCountry "NAM"]
[BlackTeamCountry "LTU"]

1. e4 c6 2. d4 d5 3. Nc3 dxe4 4. Nxe4 Nf6 5. Nxf6+ exf6 6. Nf3 Bg4 7. Be2 Bd6 8. Be3 0-0 9. h3 Bh5 10. g4 Bg6 11. Bd3 Re8 12. Qd2 Bf4 13. 0-0-0 Bxe3 14. fxe3 Qd5 15. Bxg6 hxg6 16. Nh2 Qxa2 17. c3 Nd7 18. Rhe1 Nb6 19. Qc2 Nc4 20. Nf1 a5 21. Qb1 Qxb1+ 22. Kxb1 f5 23. b3 Nd6 24. Ng3 fxg4 25. hxg4 Ne4 26. Nxe4 Rxe4 27. g5 Rae8 28. Rd2 Rxe3 29. Rxe3 Rxe3 30. Kc2 Kf8 31. Rg2 b5 32. Kd2 Rf3 33. Kc2 Ke7 34. Re2+ Kd7 35. Re5 Rf5 36. Re2 Rxg5 37. Rh2 Rh5 38. Rf2 f6 39. Rf3 g5 40. Kd3 g4 41. Rf4 f5 42. c4 Rh3+ 43. Kd2 Rf3 44. Rxf3 gxf3 45. cxb5 cxb5 46. Ke3 a4 0-1

[Event "Plunge op-A 41st"]
[Site "Plateliai"]
[Date "2022.07.21"]
[Round "5"]
[White "Povilaitis, Matas Arunas"]
[Black "Simkunaite, Gabija"]
[Result "1-0"]
[WhiteElo "1856"]
[BlackElo "2010"]
[PlyCount "173"]
[EventDate "2022.07.18"]
[EventType "swiss"]
[EventRounds "9"]
[EventCountry "LTU"]
[SourceTitle "CBM 209 Extra"]
[Source "ChessBase"]
[SourceDate "2022.09.30"]
[SourceVersion "1"]
[SourceVersionDate "2022.09.30"]
[SourceQuality "1"]

1. d4 Nf6 2. Bg5 d5 3. e3 c5 4. Bxf6 gxf6 5. Nf3 Nc6 6. c3 Qb6 7. Qb3 e6 8. Nbd2 Bd7 9. g3 Bd6 10. Bg2 Qa6 11. Bf1 Qb6 12. Bg2 f5 13. 0-0 Qc7 14. c4 Na5 15. Qc3 cxd4 16. Nxd4 e5 17. N4b3 Nxc4 18. Bxd5 Nxd2 19. Qxc7 Bxc7 20. Nxd2 f6 21. Rac1 Bd8 22. Nc4 Ke7 23. Bxb7 Rb8 24. Bd5 Be6 25. Rfd1 Bc7 26. Rc3 Rhd8 27. Rcd3 Bxd5 28. Rxd5 Rxd5 29. Rxd5 Ke6 30. Rc5 Bb6 31. Rb5 f4 32. gxf4 exf4 33. Nxb6 fxe3 34. fxe3 axb6 35. a4 Kd6 36. Kf2 Kc6 37. h4 Rd8 38. Kf3 Rd1 39. b3 Rb1 40. Ke4 Rg1 41. Kf5 Rf1+ 42. Ke6 Re1 43. Kxf6 Rxe3 44. Kg7 Re7+ 45. Kh6 Re4 46. h5 Re7 47. Kg5 Re6 48. Kf5 Rh6 49. Ke4 Rd6 50. Ke5 Rh6 51. Kd4 Rd6+ 52. Kc4 Rf6 53. Re5 Rf4+ 54. Kc3 Kd6 55. Rb5 Kc6 56. Rg5 Rh4 57. Rf5 Rh3+ 58. Kb4 Rh4+ 59. Ka3 Kd6 60. Rf6+ Kc5 61. Rh6 Rh1 62. Rxh7 Ra1+ 63. Kb2 Rh1 64. Rh6 Rh2+ 65. Ka3 Rh1 66. Rh8 Ra1+ 67. Kb2 Rh1 68. h6 Kb4 69. h7 Rh2+ 70. Kc1 Kxb3 71. a5 Rh1+ 72. Kd2 Rh2+ 73. Kd3 Rh3+ 74. Kd2 Rh2+ 75. Kd3 Rh3+ 76. Ke2 Rh2+ 77. Ke3 Rh3+ 78. Kd4 Rh4+ 79. Kd5 Rh5+ 80. Kc6 bxa5 81. Rb8+ Kc3 82. h8Q+ Rxh8 83. Rxh8 a4 84. Kb5 a3 85. Rh3+ Kb2 86. Kb4 a2 87. Rh2+ 1-0